000 00961nam a22003017a 4500
001 BR7805768
003 BR-BrBNA
005 20230928085721.0
007 ta
008 230509b bl.||||| |||| 00| 0 por d
040 _aBR-BrBNA
_bpor
_cBiblioteca Nacional de Agricultura
041 _a(Por)
072 _aE70; S30
_b9000
_b/G514
090 _ 9000 BR7805768
100 1 _aFernandes, A.R. de A.
110 1 _aInstituto Nacional de Alimentacao e Nutricao, Brasilia, DF (Brasil)
_96395
111 1 _a11. Congresso Internacional de Nutricao
_cRio de Janeiro, RJ (Brazil)
_d31 Aug 1978
245 1 _aProjeto de aquisicao de alimentos basicos no estado da Paraiba [Comercio interno; Compra; Alimentacao; Brasil]
260 3 _aBrasilia, DF (Brasil):
_c1978.
300 _a9 p.
650 _aALIMENTO
650 _aCOMERCIO INTERNO
650 _aCOMPRA
650 _aPRECO
650 _aPARAIBA
909 _a202309
_bLucia
_c55
_dLucia Elande
942 _cBK
999 _c25953
_d25953